| 000 | 01192nam a22003617a 4500 | ||
|---|---|---|---|
| 003 | CHAP | ||
| 005 | 20220329143729.0 | ||
| 008 | 110426s1985 mx a r 00010 spa d | ||
| 010 | _a101032 | ||
| 011 | _a102004 | ||
| 020 | _a847640 | ||
| 035 | _a112692 | ||
| 040 | _cCHAP | ||
| 082 | 0 | 4 |
_a581.634 _bG693 |
| 100 | 1 |
_aGosling, Nalda _950067 |
|
| 245 | 1 | 0 |
_aHierbas para el corazón y trastornos circulatorios _c/por Nalda Gosling |
| 260 |
_aMéxico, D.F. : _bEDAF, _c1985 |
||
| 300 |
_a94 p. : _bilus. |
||
| 490 |
_aPlus vitae _v; 112 |
||
| 534 |
_pTít. original _tHerbs for the heart and circulation _cInglaterra : Thorsons Publishing Group |
||
| 590 |
_aBATCH-UPD _b10 _c20130110 _lUCH01 _h1138 |
||
| 590 |
_aBATCH-UPD _b10 _c20130410 _lUCH01 _h0724 |
||
| 590 |
_aBATCH-UPD _b10 _c20130914 _lUCH01 _h0744 |
||
| 590 |
_aCONVERSION _b10 _c20130109 _lUCH01 _h1356 |
||
| 650 | 1 | 4 |
_aBotánica médica. _914680 |
| 650 | 1 | 4 |
_aCorazón. _927920 |
| 650 | 1 | 4 |
_aSangre _xCirculación. _9102212 |
| 650 | 1 | 4 |
_aTerapéutica fisiológica. _9112346 |
| 830 | 0 |
_aPlus vitae _v; 112 _989324 |
|
| 901 | _aBK | ||
| 942 | _cLIBRO | ||
| 949 |
_a581.634 G693 _bBC _cLIBRO _d33724002253918 _eLIBRO _h114783 _i112692 _sb |
||
| 999 |
_c101032 _d101032 |
||